000 00544nam a2200169Ia 4500
008 240729s9999 xx 000 0 und d
022 _a1942-2466
245 0 _aJournal of Advances in Modeling Earth Systems
260 _aUnited States
260 _bAmerican Geophysical Union (AGU)
650 _a Oceanography
650 _a Physical geography | Geography. Anthropology. Recreation
650 _aGeography. Anthropology. Recreation
856 _uhttps://doaj.org/toc/c160ec8945d64586aa56eb0e1edecaf8
942 _2ddc
942 _cDOAJEJ
999 _c74916
_d74916
945 _a1
_bMadushi Gamage
_c1
_dMadushi Gamage